[Event "Team G15 chess final 2018"]
[Site "Sochi"]
[Date "2018.05.08"]
[Round "6.1"]
[White "Mikheeva, Galina"]
[Black "Kirchei, Viktoriia"]
[Result "0-1"]
[WhiteElo "1744"]
[BlackElo "2049"]
[PlyCount "96"]
[EventDate "2018.05.01"]
[BlackTeam "СШ "]

1. e4 Nf6 2. e5 Nd5 3. d4 d6 4. c4 Nb6 5. Nf3 g6 6. exd6 cxd6 7. Nc3 Bg7 8. Be3
O-O 9. Be2 Bf5 10. O-O d5 11. c5 Nc4 12. Qb3 Nc6 13. Bxc4 Na5 14. Qa4 Nxc4 15.
b3 Na5 16. h3 Nc6 17. Rac1 Bd7 18. Qa3 Kh8 19. Rfd1 h6 20. b4 g5 21. Nh2 f5 22.
f3 f4 23. Bf2 Bf5 24. b5 Nb8 25. Qb3 e6 26. Ne2 Rf7 27. Rc3 a6 28. a4 axb5 29.
axb5 h5 30. Rcc1 Nd7 31. Ra1 Rxa1 32. Rxa1 Nxc5 33. Qa3 Nd3 34. Qa8 Qxa8 35.
Rxa8+ Kh7 36. b6 Nxf2 37. Kxf2 Bd3 38. Ra4 Rf8 39. Nc1 Bc4 40. Ne2 Rc8 41. Nf1
Bb5 42. Rb4 Ba6 43. Nd2 Bf8 44. Ra4 Rc6 45. Ra1 Bb4 46. Ke1 Rxb6 47. Kd1 Bxd2
48. Kxd2 Rb2+ 0-1

[Event "Team G15 chess final 2018"]
[Site "Sochi"]
[Date "2018.05.08"]
[Round "6.2"]
[White "Girshgorn, Maria"]
[Black "Bronnikova, Ekaterina"]
[Result "1-0"]
[WhiteElo "1911"]
[BlackElo "1348"]
[PlyCount "75"]
[EventDate "2018.05.01"]
[WhiteTeam "СШ "]

1. d4 Nf6 2. Nf3 g6 3. g3 Bg7 4. Bg2 O-O 5. O-O c5 6. c4 cxd4 7. Nxd4 Nc6 8.
Nc3 Qa5 9. Nb3 Qh5 10. Nd5 Nxd5 11. cxd5 Ne5 12. d6 e6 13. Qc2 Nc6 14. Bf4 Nd4
15. Nxd4 Bxd4 16. Qd2 Bg7 17. Rac1 Qb5 18. b3 Rb8 19. Rc7 Qb6 20. Rc4 Qb5 21.
Bh6 b6 22. Rh4 Qe5 23. Bxg7 Qxg7 24. Rc1 h5 25. Rhc4 Rd8 26. Rc7 a5 27. Ra7 Qe5
28. f4 Qf6 29. e3 Kh7 30. Qc2 Qh8 31. Qc7 Qf8 32. Qxb8 Ba6 33. Qxb6 Bd3 34. Qd4
Bf5 35. Rxa5 Qh8 36. Qxh8+ Kxh8 37. Rb5 Bd3 38. Rb6 1-0

[Event "Team G15 chess final 2018"]
[Site "Sochi"]
[Date "2018.05.08"]
[Round "6.3"]
[White "Kolinchenko, Sofia"]
[Black "Vyrtosu, Natalia"]
[Result "0-1"]
[WhiteElo "1351"]
[BlackElo "1924"]
[PlyCount "108"]
[EventDate "2018.05.01"]
[BlackTeam "СШ "]

1. d4 Nf6 2. Bf4 d5 3. e3 Bf5 4. c4 e6 5. Nf3 Bxb1 6. Rxb1 Bb4+ 7. Ke2 O-O 8.
a3 Be7 9. Ke1 c5 10. Bd3 Nc6 11. Ke2 cxd4 12. exd4 dxc4 13. Bxc4 Rc8 14. Rc1
Qb6 15. b4 Rfd8 16. Be3 Nd5 17. Re1 Bf6 18. Kf1 Nce7 19. Kg1 Qd6 20. Qb3 Rc7
21. Rc2 Nb6 22. Ree2 Nxc4 23. Rxc4 Qd5 24. Rc3 Qxb3 25. Rxb3 Nf5 26. Rd3 e5 27.
Rd1 exd4 28. Bf4 Rc3 29. Ra2 d3 30. h3 h6 31. a4 Rd5 32. b5 Rc4 33. Bc1 Nd4 34.
Nxd4 Bxd4 35. Kf1 Bc3 36. g3 f5 37. Bd2 Bf6 38. Be3 a6 39. bxa6 bxa6 40. Kg2
Kf7 41. Kf1 g5 42. Kg2 f4 43. gxf4 gxf4 44. Bc1 Ke6 45. Kf3 Rc2 46. Rxc2 dxc2
47. Rxd5 Kxd5 48. Ke2 Kc4 49. f3 Be5 50. Kd2 Kb3 51. a5 Bb8 52. h4 h5 53. Bb2
Kxb2 54. Kd3 c1=Q 0-1

[Event "Team G15 chess final 2018"]
[Site "Sochi"]
[Date "2018.05.08"]
[Round "6.4"]
[White "Bondareva, Daria"]
[Black "Glushkova, Milana"]
[Result "1-0"]
[WhiteElo "1886"]
[BlackElo "1262"]
[PlyCount "87"]
[EventDate "2018.05.01"]
[WhiteTeam "СШ "]

1. e4 c5 2. d4 cxd4 3. c3 d5 4. exd5 Qxd5 5. cxd4 Nc6 6. Nf3 Bg4 7. Nc3 Qd8 8.
d5 Ne5 9. Bb5+ Nd7 10. h3 a6 11. Ba4 b5 12. hxg4 bxa4 13. Qxa4 Qb6 14. Qc6 Qxc6
15. dxc6 Nb6 16. Ne5 g6 17. Be3 Bg7 18. Nxf7 Kxf7 19. Bxb6 Nf6 20. g5 Ng4 21.
Rh4 Ne5 22. c7 Nd3+ 23. Kd2 Ne5 24. Kc2 h6 25. Rd1 Nc6 26. Rc4 Ne5 27. Rcd4 Nc6
28. Rd8 Nxd8 29. cxd8=Q Raxd8 30. Rxd8 Rxd8 31. Bxd8 hxg5 32. f3 Ke8 33. Bb6 e5
34. Ne4 Ke7 35. Kd3 Ke6 36. Nxg5+ Kf5 37. Ne4 g5 38. g4+ Kg6 39. Kc4 Bf8 40.
Bc5 Bg7 41. b4 Bh6 42. a4 Kf7 43. Nd6+ Ke6 44. Nf5 1-0

[Event "Team G15 chess final 2018"]
[Site "Sochi"]
[Date "2018.05.08"]
[Round "6.1"]
[White "Murzina, Agata"]
[Black "Mikhailova, Yuliya"]
[Result "0-1"]
[WhiteElo "1765"]
[BlackElo "1959"]
[PlyCount "116"]
[EventDate "2018.05.01"]

1. e4 c6 2. d4 d5 3. Nc3 dxe4 4. Nxe4 Bf5 5. Ng3 Bg6 6. Nf3 Nd7 7. c3 e6 8. Bd3
Bxd3 9. Qxd3 Ngf6 10. Bg5 Qc7 11. O-O Bd6 12. Bxf6 Nxf6 13. Ne4 Nxe4 14. Qxe4
h6 15. Kh1 Qa5 16. c4 O-O 17. c5 Be7 18. g4 Qd8 19. Rg1 Qd5 20. Qe3 Bg5 21. Qb3
Qxb3 22. axb3 Bf6 23. h4 Rfd8 24. Ra4 g5 25. hxg5 hxg5 26. Kg2 Kg7 27. Rh1 a6
28. Rh5 Rh8 29. Rxh8 Rxh8 30. Rb4 Rb8 31. Nd2 Bd8 32. Nc4 Bc7 33. Kf3 f6 34.
Ke4 Kf7 35. Ne3 Ke7 36. Ng2 Kd7 37. f4 a5 38. Ra4 f5+ 39. gxf5 exf5+ 40. Kxf5
gxf4 41. Ke4 Rg8 42. Nh4 Re8+ 43. Kd3 Re3+ 44. Kc4 f3 45. Ra1 f2 46. Rf1 Re2
47. Kc3 Ke6 48. Ng2 Bg3 49. Kd3 Rxb2 50. Kc3 Re2 51. Kd3 Re1 52. Ne3 Bf4 53.
Ng2 Rxf1 54. Nxf4+ Kf5 55. Ke2 Rb1 56. Kxf2 Kxf4 57. Ke2 Ke4 58. Kd2 Rxb3 0-1

[Event "Team G15 chess final 2018"]
[Site "Sochi"]
[Date "2018.05.08"]
[Round "6.2"]
[White "Baisheva, Nyurguiaana"]
[Black "Akulova, Taisiya"]
[Result "0-1"]
[WhiteElo "1778"]
[BlackElo "1719"]
[PlyCount "110"]
[EventDate "2018.05.01"]

1. e4 c5 2. Nf3 Nc6 3. Bb5 d6 4. Bxc6+ bxc6 5. O-O e5 6. d3 Ne7 7. Re1 Ng6 8.
Nbd2 Be7 9. Nf1 O-O 10. c3 f5 11. exf5 Bxf5 12. Ne3 Qd7 13. Nxf5 Rxf5 14. d4
exd4 15. cxd4 Raf8 16. Re3 Nh4 17. Nxh4 Bxh4 18. g3 Rxf2 19. gxh4 Qf5 20. Bd2
Qf4 21. Rg3 Rxd2 22. Qb3+ c4 23. Qe3 Qxe3+ 24. Rxe3 Rxd4 25. b3 Rd3 26. Rae1
Rxe3 27. Rxe3 cxb3 28. axb3 Kf7 29. Kg2 Re8 30. Rc3 c5 31. Kf3 Ke6 32. Ke3 Kd5+
33. Kd3 Re4 34. Rc2 Rxh4 35. Rg2 g6 36. Rg5+ Kc6 37. Rg2 d5 38. Rf2 Rh3+ 39.
Kc2 a5 40. Rd2 a4 41. bxa4 Ra3 42. Kb2 Rxa4 43. Rf2 Kb5 44. Rf7 Rh4 45. Rf2 c4
46. Kc2 Kb4 47. Rd2 d4 48. Rg2 d3+ 49. Kd2 Re4 50. Kd1 c3 51. Rg3 Kc4 52. Rg1
c2+ 53. Kd2 Re2+ 54. Kc1 Kc3 55. h3 d2# 0-1

[Event "Team G15 chess final 2018"]
[Site "Sochi"]
[Date "2018.05.08"]
[Round "6.3"]
[White "Laukhina, Margarita A"]
[Black "Moiseeva, Olesya"]
[Result "1/2-1/2"]
[WhiteElo "1529"]
[BlackElo "1753"]
[PlyCount "99"]
[EventDate "2018.05.01"]

1. e4 e6 2. d4 d5 3. Nc3 Bb4 4. exd5 exd5 5. Bd3 Ne7 6. Nge2 Nbc6 7. O-O Be6 8.
a3 Ba5 9. Be3 O-O 10. Nf4 Qd7 11. Qf3 Bb6 12. Nce2 Bg4 13. Qg3 Rad8 14. h4 Bxe2
15. Nxe2 Nf5 16. Qf4 Nce7 17. h5 c6 18. g4 Bc7 19. Qf3 Qd6 20. Qh3 Nxe3 21.
fxe3 Rde8 22. Rf3 c5 23. c3 c4 24. Bc2 Qb6 25. Rb1 Qh6 26. Ng3 g6 27. Kg2 Nc8
28. hxg6 Qxh3+ 29. Kxh3 fxg6 30. Rbf1 Nd6 31. Rxf8+ Rxf8 32. Rxf8+ Kxf8 33. e4
dxe4 34. Nxe4 Nxe4 35. Bxe4 Bf4 36. Bxb7 Bc1 37. Bd5 Bxb2 38. Bxc4 Bxc3 39. d5
Ke7 40. Bb5 Bd2 41. Kg3 Kd6 42. Bc6 Ke5 43. Kf3 Bc1 44. a4 Ba3 45. Ke3 Bc5+ 46.
Kf3 a5 47. Bb7 g5 48. Bc6 Kd4 49. Bb7 Bd6 50. Bc6 1/2-1/2

[Event "Team G15 chess final 2018"]
[Site "Sochi"]
[Date "2018.05.08"]
[Round "6.4"]
[White "Andreeva, Anastasiia"]
[Black "Gurova, Tatiana"]
[Result "1-0"]
[WhiteElo "1578"]
[BlackElo "1368"]
[PlyCount "73"]
[EventDate "2018.05.01"]

1. d4 d5 2. c4 e6 3. cxd5 exd5 4. Nf3 Nf6 5. a3 Bg4 6. Ne5 Bf5 7. Bg5 h6 8. Bh4
Be7 9. Nc3 Nbd7 10. Qb3 Nb6 11. e3 O-O 12. Be2 c6 13. O-O Ne4 14. Bxe7 Qxe7 15.
Nxe4 dxe4 16. Bg4 Bxg4 17. Nxg4 Nd5 18. Ne5 Rfd8 19. f3 f6 20. fxe4 fxe5 21.
exd5 cxd5 22. Rf5 exd4 23. exd4 Qe4 24. Rf3 Qxd4+ 25. Kh1 b6 26. Rd1 Qc4 27.
Qe3 Qc2 28. Qe6+ Kh8 29. Rdf1 Qxb2 30. Qg6 d4 31. g4 d3 32. g5 Qe5 33. gxh6 Rg8
34. hxg7+ Rxg7 35. Rf8+ Rxf8 36. Rxf8+ Rg8 37. Qh6# 1-0

[Event "Team G15 chess final 2018"]
[Site "Sochi"]
[Date "2018.05.08"]
[Round "6.1"]
[White "Surovtseva, Alisa"]
[Black "Nur-Mukhametova, Alisa"]
[Result "0-1"]
[WhiteElo "1688"]
[BlackElo "1791"]
[PlyCount "120"]
[EventDate "2018.05.01"]

1. e4 c5 2. Nf3 e6 3. c4 Nc6 4. Nc3 Nd4 5. Nxd4 cxd4 6. Ne2 e5 7. d3 Bb4+ 8.
Bd2 Bxd2+ 9. Qxd2 d6 10. g3 h5 11. h3 Bd7 12. Bg2 Ne7 13. O-O f6 14. f4 Nc6 15.
f5 Qa5 16. Qxa5 Nxa5 17. b4 Nc6 18. Rab1 Nd8 19. b5 a6 20. a4 Ke7 21. Ra1 b6
22. Rfb1 Nb7 23. Nc1 Nc5 24. Bf1 Ra7 25. Na2 axb5 26. cxb5 Nxa4 27. Nb4 Rha8
28. Nd5+ Kd8 29. Rb4 Be8 30. Rc1 Bf7 31. Rc6 Bxd5 32. exd5 Kd7 33. Rbc4 Rb7 34.
Be2 Nc3 35. Bxh5 Nxd5 36. Bf3 Ra1+ 37. Rc1 Rxc1+ 38. Rxc1 Rc7 39. Rxc7+ Nxc7
40. Bc6+ Ke7 41. g4 d5 42. Kf2 Kf7 43. Kf3 g6 44. fxg6+ Kxg6 45. h4 f5 46. h5+
Kg5 47. gxf5 Kxh5 48. Kg3 Kg5 49. Bd7 e4 50. dxe4 dxe4 51. Kf2 Nd5 52. Be6 Ne3
53. Bd7 Nxf5 54. Bc6 Kf4 55. Ke2 Ng3+ 56. Ke1 Ke3 57. Bd7 d3 58. Bg4 d2+ 59.
Kd1 Nh1 60. Bh5 Nf2+ 0-1

[Event "Team G15 chess final 2018"]
[Site "Sochi"]
[Date "2018.05.08"]
[Round "6.2"]
[White "Zvereva, Margarita"]
[Black "Patokova, Viktoriya"]
[Result "1-0"]
[WhiteElo "1772"]
[BlackElo "1495"]
[PlyCount "117"]
[EventDate "2018.05.01"]

1. e4 e5 2. Nf3 Nc6 3. Bb5 a6 4. Ba4 Nf6 5. d3 d6 6. c3 b5 7. Bc2 Be7 8. O-O
O-O 9. Re1 Bb7 10. Nbd2 Re8 11. Nf1 Bf8 12. Ng3 g6 13. h3 h6 14. Nh2 d5 15. Ng4
Nxg4 16. Qxg4 d4 17. Bb3 Qf6 18. Nh5 Qd6 19. Qf3 Re7 20. Nf6+ Kg7 21. Ng4 Kh7
22. Bxf7 Bg7 23. Bd5 Rf8 24. Qg3 dxc3 25. bxc3 Bc8 26. Bxc6 Qxc6 27. Ba3 Rff7
28. Bxe7 Bxg4 29. Qxg4 Rxe7 30. Rac1 Rf7 31. Qe2 h5 32. Qb2 Qb6 33. Rf1 Bh6 34.
Rcd1 c5 35. a3 Qb7 36. Rb1 Qd7 37. Qc2 Rf8 38. c4 Bg5 39. cxb5 axb5 40. Qxc5
Bh6 41. Qxb5 Qd4 42. Qd5 Qxd5 43. exd5 Rd8 44. Rb5 Bf8 45. a4 Ra8 46. a5 Kh6
47. Ra1 Bd6 48. a6 Bc7 49. Rb7 Bd6 50. Rb6 Bc5 51. Rc6 Bd4 52. Ra2 Ra7 53. d6
Rd7 54. Rc7 Rd8 55. a7 Ra8 56. d7 Bb6 57. Rc8 Rxa7 58. Rxa7 Bxa7 59. d8=Q 1-0

[Event "Team G15 chess final 2018"]
[Site "Sochi"]
[Date "2018.05.08"]
[Round "6.3"]
[White "Sautina, Elizaveta"]
[Black "Efendieva, Alina"]
[Result "1/2-1/2"]
[WhiteElo "1137"]
[BlackElo "1692"]
[PlyCount "99"]
[EventDate "2018.05.01"]

1. d4 Nf6 2. Bf4 d6 3. Nf3 Nbd7 4. e3 Nh5 5. Bg3 Nxg3 6. hxg3 g6 7. Be2 Bg7 8.
c4 b6 9. Nc3 Bb7 10. O-O O-O 11. Qc2 e6 12. Rfd1 Qe7 13. Rac1 f5 14. b4 Rac8
15. Qd2 Nf6 16. Nb1 Rfd8 17. Qc2 c5 18. bxc5 bxc5 19. dxc5 Rxc5 20. Nbd2 Rdc8
21. Nb3 R5c7 22. Qd2 Ne4 23. Qb4 Rc6 24. Qe1 Ra6 25. Rc2 Rb6 26. Nfd2 Nc3 27.
Rdc1 Nxe2+ 28. Qxe2 Ba6 29. Qd1 Rb4 30. g4 Bb7 31. gxf5 exf5 32. c5 dxc5 33.
Nxc5 Bd5 34. Ncb3 Rd8 35. Rc8 Rb8 36. R1c7 Qa3 37. Qc2 Rbxc8 38. Rxc8 Rxc8 39.
Qxc8+ Bf8 40. Qc2 a5 41. Nb1 Bxb3 42. Qxb3+ Qxb3 43. axb3 Bb4 44. Kf1 Kf7 45.
Ke2 Ke6 46. Kd3 Kd5 47. Nc3+ Bxc3 48. Kxc3 g5 49. Kd3 g4 50. f3 1/2-1/2

[Event "Team G15 chess final 2018"]
[Site "Sochi"]
[Date "2018.05.08"]
[Round "6.4"]
[White "Kokueva, Alisa"]
[Black "Dolinskaya, Mariia"]
[Result "0-1"]
[WhiteElo "1632"]
[BlackElo "1257"]
[PlyCount "72"]
[EventDate "2018.05.01"]

1. e4 c5 2. Nf3 Nc6 3. d4 cxd4 4. Nxd4 g6 5. c4 Nf6 6. Nc3 Nxd4 7. Qxd4 d6 8.
Be2 Bg7 9. Be3 O-O 10. Qd1 a5 11. O-O Be6 12. f3 Qc7 13. Nd5 Nxd5 14. cxd5 Bd7
15. Rc1 Qb8 16. Bb6 Rc8 17. Qd2 e6 18. Rxc8+ Qxc8 19. Rc1 Qe8 20. Rc7 Bc8 21.
dxe6 Qxe6 22. Bc4 d5 23. Bc5 Qf6 24. exd5 b6 25. Be3 Bf5 26. d6 Be6 27. Bxe6
Qxe6 28. Re7 Qf6 29. Bxb6 Bf8 30. Rd7 Qe6 31. Rb7 Bxd6 32. Bxa5 Be5 33. b4 Bd4+
34. Kf1 Qa6+ 35. b5 Qxb7 36. Qxd4 Qxb5+ 0-1

[Event "Team G15 chess final 2018"]
[Site "Sochi"]
[Date "2018.05.10"]
[Round "7.1"]
[White "Nur-Mukhametova, Alisa"]
[Black "Zelenskaya, Anastasiya"]
[Result "0-1"]
[WhiteElo "1791"]
[BlackElo "1581"]
[PlyCount "84"]
[EventDate "2018.05.01"]

1. Nf3 Nf6 2. g3 g6 3. Bg2 Bg7 4. O-O O-O 5. d4 d6 6. c4 Nc6 7. d5 Na5 8. Nbd2
c5 9. e4 Nd7 10. Rb1 b5 11. cxb5 a6 12. a4 axb5 13. axb5 Rb8 14. b4 cxb4 15.
Rxb4 Ba6 16. Re1 Nc5 17. Bf1 Qd7 18. Bb2 Bxb2 19. Rxb2 Bxb5 20. Qb1 Bd3 21. Qa1
Ra8 22. Ra2 Bxf1 23. Rxf1 Nab3 24. Nxb3 Nxb3 25. Qb2 Rxa2 26. Qxa2 Nc5 27. Nd2
Rb8 28. Rb1 Rxb1+ 29. Qxb1 Qa4 30. Kg2 Qd4 31. Qc2 Nd3 32. Nf3 Qxe4 33. Qc8+
Kg7 34. Qc3+ f6 35. h4 h6 36. Qd2 Qxd5 37. Qe3 Ne5 38. g4 Qxf3+ 39. Qxf3 Nxf3
40. Kxf3 f5 41. Kf4 e5+ 42. Kf3 Kf6 0-1

[Event "Team G15 chess final 2018"]
[Site "Sochi"]
[Date "2018.05.10"]
[Round "7.2"]
[White "Tokmakova, Ulyana"]
[Black "Zvereva, Margarita"]
[Result "0-1"]
[WhiteElo "1627"]
[BlackElo "1772"]
[PlyCount "84"]
[EventDate "2018.05.01"]

1. e4 c5 2. Nf3 d6 3. d4 cxd4 4. Nxd4 Nf6 5. Nc3 a6 6. Bc4 e6 7. Bb3 Be7 8. O-O
Nc6 9. a4 O-O 10. Be3 Qc7 11. f3 Na5 12. Qe1 Nxb3 13. Nxb3 b6 14. Qf2 Nd7 15.
Rfd1 Bb7 16. Qd2 Rfd8 17. Bf4 Nc5 18. Nxc5 bxc5 19. Ne2 Qb6 20. c4 d5 21. cxd5
exd5 22. e5 Rac8 23. Kh1 d4 24. Ng3 Qe6 25. Qd3 g6 26. Ne4 c4 27. Qe2 Bxe4 28.
Qxe4 c3 29. bxc3 dxc3 30. Qc2 Qc4 31. Be3 Rb8 32. Rxd8+ Bxd8 33. Bh6 Bc7 34. f4
Rb2 35. Qc1 Qe2 36. Qf1 Qxf1+ 37. Rxf1 c2 38. Rc1 Rb1 39. f5 Bxe5 40. g3 Bb2
41. fxg6 hxg6 42. Kg2 Bxc1 0-1

[Event "Team G15 chess final 2018"]
[Site "Sochi"]
[Date "2018.05.10"]
[Round "7.3"]
[White "Efendieva, Alina"]
[Black "Asatryan, Maria"]
[Result "1-0"]
[WhiteElo "1692"]
[BlackElo "1395"]
[PlyCount "63"]
[EventDate "2018.05.01"]

1. e4 c5 2. Nf3 d6 3. d4 cxd4 4. Nxd4 Nf6 5. Nc3 g6 6. Be3 Bg7 7. f3 O-O 8. Qd2
Nc6 9. g4 Be6 10. Nxe6 fxe6 11. O-O-O Qc8 12. h4 Ne5 13. Be2 Nc4 14. Bxc4 Qxc4
15. h5 Nd7 16. hxg6 hxg6 17. Rdf1 Rac8 18. Qh2 Kf7 19. Bh6 Qd4 20. Qf4+ Qf6 21.
Qe3 Bxh6 22. Rxh6 Ne5 23. g5 Qg7 24. Rfh1 Kg8 25. R6h3 a6 26. f4 Nc4 27. Qf2 e5
28. Qh2 exf4 29. Rh8+ Kf7 30. Rh7 Ne5 31. Rxg7+ Kxg7 32. Qh7# 1-0

[Event "Team G15 chess final 2018"]
[Site "Sochi"]
[Date "2018.05.10"]
[Round "7.4"]
[White "Kamaeva, Dzhamilya"]
[Black "Ochirova, Anita"]
[Result "0-1"]
[WhiteElo "1541"]
[BlackElo "1691"]
[PlyCount "106"]
[EventDate "2018.05.01"]

1. d4 d5 2. e3 Nf6 3. Bd3 Bg4 4. Nf3 e6 5. c4 c5 6. Qb3 Qc7 7. Ne5 Bh5 8. Qa4+
Nbd7 9. Nc3 a6 10. Bd2 dxc4 11. Bxc4 cxd4 12. exd4 Bd6 13. Nb5 Qb8 14. Nxd6+
Qxd6 15. O-O Qxd4 16. Bc3 Qf4 17. Rfe1 Rd8 18. Ba5 O-O 19. Bb5 Qxa4 20. Bxa4 b6
21. Bb4 Rfe8 22. Nc6 Ra8 23. Ne7+ Kh8 24. Bc6 Ra7 25. f3 Ng8 26. Nxg8 Rxg8 27.
Rad1 Nb8 28. Be4 Bg6 29. Rd6 Bxe4 30. Rxe4 a5 31. Bc3 b5 32. Red4 b4 33. Bd2 h6
34. a3 bxa3 35. bxa3 a4 36. Rb4 Ra8 37. Kf2 Rc8 38. Ke3 Nc6 39. Rb7 Ne5 40. Ke2
Rd8 41. Bb4 Rxd6 42. Bxd6 Nc4 43. Bb4 Kg8 44. Rc7 Nb6 45. Rb7 Nd5 46. g3 g5 47.
Kd3 Kg7 48. Kc4 Kg6 49. Bc5 f5 50. Kb5 h5 51. Ra7 Rb8+ 52. Kxa4 Nc3+ 53. Ka5
Rb5+ 0-1

[Event "Team G15 chess final 2018"]
[Site "Sochi"]
[Date "2018.05.10"]
[Round "7.1"]
[White "Mikhailova, Yuliya"]
[Black "Surovtseva, Alisa"]
[Result "1-0"]
[WhiteElo "1959"]
[BlackElo "1688"]
[PlyCount "127"]
[EventDate "2018.05.01"]

1. d4 d5 2. c4 c6 3. cxd5 cxd5 4. Nc3 Nf6 5. Bg5 Nc6 6. e3 h6 7. Bh4 a6 8. Bd3
e6 9. a3 Bd6 10. Nf3 O-O 11. O-O Be7 12. Qe2 b5 13. b4 Bb7 14. Bg3 Rc8 15. Rac1
Nd7 16. Nd2 Nb6 17. Nb3 Nc4 18. Bxc4 dxc4 19. Nc5 Bxc5 20. bxc5 Na5 21. Rfd1
Nb3 22. Rb1 Qf6 23. f3 Qg6 24. Na2 Rfe8 25. Qb2 e5 26. Nc1 Nxd4 27. exd4 c3 28.
Qxc3 Qxb1 29. Bxe5 Bd5 30. Qd2 Qg6 31. Kf2 f6 32. Bg3 Qf5 33. Ne2 Bc4 34. Nc3
Bd5 35. Bf4 g5 36. Bd6 Kg7 37. Qd3 Qxd3 38. Rxd3 Bc4 39. Rd2 f5 40. d5 a5 41.
Rb2 a4 42. Nxb5 Bxd5 43. Nc7 Rxc7 44. Bxc7 Rc8 45. Bd6 Bb3 46. Re2 Kf6 47. Re7
Bd5 48. Ra7 Bb3 49. Ra6 Kf7 50. f4 Bc2 51. c6 Bd3 52. Rb6 Ke6 53. Be5 g4 54.
c7+ Ke7 55. Rxh6 Bc2 56. h3 gxh3 57. gxh3 Bb3 58. h4 Be6 59. Rh7+ Bf7 60. h5
Ke8 61. h6 Ke7 62. Kg3 Rg8+ 63. Rg7 Rxg7+ 64. Bxg7 1-0

[Event "Team G15 chess final 2018"]
[Site "Sochi"]
[Date "2018.05.10"]
[Round "7.2"]
[White "Patokova, Viktoriya"]
[Black "Baisheva, Nyurguiaana"]
[Result "0-1"]
[WhiteElo "1495"]
[BlackElo "1778"]
[PlyCount "60"]
[EventDate "2018.05.01"]

1. e4 c5 2. Nf3 d6 3. d4 cxd4 4. Nxd4 Nf6 5. Nc3 a6 6. Bd3 e6 7. O-O Be7 8. Be3
O-O 9. f4 b5 10. e5 dxe5 11. fxe5 Nd5 12. Nxd5 Qxd5 13. Bxh7+ Kxh7 14. Qh5+ Kg8
15. Rf3 Qe4 16. Rh3 f6 17. Rf1 Qxe5 18. Qh7+ Kf7 19. Rg3 Rg8 20. Qg6+ Kf8 21.
c3 f5 22. Nxf5 exf5 23. Bd4 Bc5 24. Bxc5+ Qxc5+ 25. Kh1 Ra7 26. Rd1 Rd7 27.
Rxd7 Nxd7 28. h3 Nf6 29. Rd3 Qe7 30. Qg3 Kf7 0-1

[Event "Team G15 chess final 2018"]
[Site "Sochi"]
[Date "2018.05.10"]
[Round "7.3"]
[White "Izbekova, Evdokia"]
[Black "Sautina, Elizaveta"]
[Result "1-0"]
[WhiteElo "1690"]
[BlackElo "1137"]
[PlyCount "67"]
[EventDate "2018.05.01"]

1. e4 e6 2. d4 d5 3. Nc3 Nf6 4. exd5 exd5 5. Bd3 Bd6 6. Nge2 O-O 7. Bg5 c6 8.
h3 Be6 9. O-O Nbd7 10. Nf4 h6 11. Nxe6 fxe6 12. Be3 e5 13. Be2 Qe8 14. Re1 exd4
15. Bxd4 Qf7 16. Bf3 Bc5 17. Ne2 Rfe8 18. Qd2 Re7 19. Ng3 Rae8 20. Rxe7 Rxe7
21. Nf5 Re6 22. Qa5 Ne8 23. Nxh6+ gxh6 24. Bxc5 b6 25. Qxa7 bxc5 26. Bg4 Re7
27. Bxd7 Rxd7 28. Qxc5 Qg6 29. Re1 Ng7 30. Re3 Nh5 31. Qd4 Qf6 32. Qg4+ Qg7 33.
Qxh5 Re7 34. Rg3 1-0

[Event "Team G15 chess final 2018"]
[Site "Sochi"]
[Date "2018.05.10"]
[Round "7.4"]
[White "Dolinskaya, Mariia"]
[Black "Moiseeva, Olesya"]
[Result "1-0"]
[WhiteElo "1257"]
[BlackElo "1753"]
[PlyCount "119"]
[EventDate "2018.05.01"]

1. d4 Nf6 2. Nf3 e6 3. c4 d5 4. e3 Be7 5. Nc3 O-O 6. Bd3 c6 7. Qc2 Nbd7 8. O-O
dxc4 9. Bxc4 b5 10. Bd3 Bb7 11. e4 h6 12. e5 Nd5 13. Nxd5 exd5 14. Qe2 Nb6 15.
e6 Bf6 16. exf7+ Rxf7 17. Ne5 Re7 18. Qh5 Nc4 19. Nf3 Qe8 20. Qf5 Qf7 21. Qg4
Kf8 22. Bg6 Qe6 23. Bf5 Qf7 24. Bg6 Bc8 25. Qg3 Qe6 26. b3 Nb6 27. Ba3 Qg4 28.
Bxe7+ Bxe7 29. Qxg4 Bxg4 30. Ne5 Bd7 31. Rac1 Rc8 32. Rc3 c5 33. Nxd7+ Nxd7 34.
Bf5 Ke8 35. dxc5 Rxc5 36. Rxc5 Bxc5 37. Rc1 Bb6 38. Rc8+ Ke7 39. Bxd7 Kxd7 40.
Rg8 Bd4 41. Kf1 a5 42. Ke2 Kc6 43. Rc8+ Kb7 44. Rf8 Kc6 45. Kd3 Bf6 46. Ra8 Kb6
47. a4 Be5 48. h3 Bf6 49. f4 Bb2 50. Rb8+ Ka6 51. Rxb5 d4 52. f5 Bc3 53. g4 Ba1
54. h4 Bb2 55. g5 hxg5 56. hxg5 Bc1 57. f6 gxf6 58. gxf6 Bh6 59. f7 Bg7 60. Rb8
1-0

[Event "Team G15 chess final 2018"]
[Site "Sochi"]
[Date "2018.05.10"]
[Round "7.1"]
[White "Kirchei, Viktoriia"]
[Black "Murzina, Agata"]
[Result "1-0"]
[WhiteElo "2049"]
[BlackElo "1765"]
[PlyCount "91"]
[EventDate "2018.05.01"]
[WhiteTeam "СШ "]

1. e4 e6 2. d3 c5 3. g3 b6 4. Bg2 Bb7 5. f4 g6 6. Nf3 d5 7. e5 Bg7 8. O-O Ne7
9. Be3 Nf5 10. Bf2 h5 11. Nbd2 Nc6 12. h3 Qe7 13. c3 g5 14. Nxg5 Nxe5 15. Ndf3
Nxf3+ 16. Bxf3 h4 17. g4 Ng3 18. Bxg3 hxg3 19. Bg2 O-O-O 20. Qe1 d4 21. c4 Bxg2
22. Kxg2 e5 23. Qe4 Kb8 24. a4 Rd7 25. Rae1 Re8 26. Nf3 f6 27. Re2 Rd6 28. Nh4
Re6 29. Rfe1 Qc7 30. Nf5 Bf8 31. Qd5 a5 32. Nxg3 Bh6 33. Nh5 Rd6 34. Qe4 Rde6
35. Qg6 Qc6+ 36. Kf2 Bxf4 37. Nxf4 exf4 38. Rxe6 Rxe6 39. Qg8+ Ka7 40. Rxe6 Qd7
41. Rxf6 Ka6 42. Rf7 Qc6 43. Qb8 Qg2+ 44. Kxg2 f3+ 45. Kf1 f2 46. Qa7# 1-0

[Event "Team G15 chess final 2018"]
[Site "Sochi"]
[Date "2018.05.10"]
[Round "7.2"]
[White "Akulova, Taisiya"]
[Black "Girshgorn, Maria"]
[Result "0-1"]
[WhiteElo "1719"]
[BlackElo "1911"]
[PlyCount "98"]
[EventDate "2018.05.01"]
[BlackTeam "СШ "]

1. e4 d6 2. d4 Nf6 3. Nc3 g6 4. Nge2 Bg7 5. Ng3 Nbd7 6. f4 e5 7. dxe5 dxe5 8.
fxe5 Nxe5 9. Qxd8+ Kxd8 10. Bf4 Nfd7 11. O-O-O c6 12. h4 Ng4 13. Rd2 Be5 14.
Bxe5 Ngxe5 15. h5 Kc7 16. hxg6 fxg6 17. Nge2 h5 18. Nd4 Nc5 19. Nf3 Re8 20.
Nxe5 Rxe5 21. Bd3 a5 22. Rf2 Bd7 23. Rf6 Rg8 24. Bc4 Rg7 25. Rh4 b5 26. Bd3 Bg4
27. a3 b4 28. axb4 axb4 29. Nd1 Nxe4 30. Bxe4 Rxe4 31. Nf2 Re1+ 32. Kd2 Re2+
33. Kd3 Rd7+ 34. Kc4 Bf5 35. Kxb4 Rxf2 36. Rc4 Rd6 37. Rf7+ Kb6 38. Ka3 Rxc2
39. Rb4+ Kc5 40. g4 hxg4 41. Ra4 Rc4 42. Ra5+ Kd4 43. b3 Rc1 44. Ra4+ Kc3 45.
Rc4+ Kd2 46. Rf4 Ke3 47. Rb4 c5 48. Rbb7 Kd2 49. b4 Ra6+ 0-1

[Event "Team G15 chess final 2018"]
[Site "Sochi"]
[Date "2018.05.10"]
[Round "7.3"]
[White "Vyrtosu, Natalia"]
[Black "Laukhina, Margarita A"]
[Result "1-0"]
[WhiteElo "1924"]
[BlackElo "1529"]
[PlyCount "71"]
[EventDate "2018.05.01"]
[WhiteTeam "СШ "]

1. d4 d5 2. Bf4 Nf6 3. e3 e6 4. Nf3 Bd6 5. Bxd6 Qxd6 6. Ne5 c5 7. c3 Nc6 8. f4
Nd7 9. Nd2 f6 10. Qh5+ Ke7 11. Ng6+ hxg6 12. Qxh8 Kf7 13. g3 Qf8 14. Qxf8+ Kxf8
15. Bd3 Kf7 16. Bc2 b6 17. Kf2 Bb7 18. Nf3 Ne7 19. g4 f5 20. h3 Rc8 21. Kg3 Ng8
22. Rh2 Ngf6 23. Rd1 Rh8 24. g5 Ne8 25. Ba4 Nf8 26. Ne5+ Ke7 27. Bxe8 Kxe8 28.
dxc5 bxc5 29. c4 Ke7 30. Rc2 Rg8 31. cxd5 Bxd5 32. Rxc5 Bxa2 33. Rc7+ Ke8 34.
Rc8+ Ke7 35. Nc6+ Kf7 36. Rc7+ 1-0

[Event "Team G15 chess final 2018"]
[Site "Sochi"]
[Date "2018.05.10"]
[Round "7.4"]
[White "Gurova, Tatiana"]
[Black "Bondareva, Daria"]
[Result "0-1"]
[WhiteElo "1368"]
[BlackElo "1886"]
[PlyCount "120"]
[EventDate "2018.05.01"]
[BlackTeam "СШ "]

1. b4 e5 2. Bb2 Bxb4 3. Bxe5 Nf6 4. c4 O-O 5. e3 d5 6. cxd5 Nxd5 7. Nf3 Bf5 8.
a3 Ba5 9. Be2 Nd7 10. Bb2 Re8 11. O-O c6 12. d3 Bg6 13. Nbd2 Nc3 14. Bxc3 Bxc3
15. Rb1 Bf6 16. Nc4 b5 17. Nd6 Re6 18. Ne4 Bxe4 19. dxe4 Rxe4 20. Bd3 Re6 21.
Bf5 Re7 22. Qc2 g6 23. Bxd7 Qxd7 24. Rfd1 Qe8 25. Rd6 Re6 26. Rxe6 Qxe6 27. Rc1
Rc8 28. Qc5 Qe7 29. Nd4 Qxc5 30. Rxc5 Bxd4 31. exd4 Rd8 32. Rxc6 Rxd4 33. Kf1
Ra4 34. Rc3 a5 35. Ke2 b4 36. axb4 Rxb4 37. Rc8+ Kg7 38. Ra8 a4 39. Kd3 Rb2 40.
Ke3 Rb3+ 41. Kd4 a3 42. Kc4 Rb2 43. Rxa3 Rxf2 44. Rg3 f5 45. Kd4 Kf6 46. Ke3
Ra2 47. Kf4 g5+ 48. Kf3 f4 49. Rh3 Ra3+ 50. Kg4 Rxh3 51. Kxh3 Kf5 52. g4+ Ke4
53. Kg2 Ke3 54. Kf1 Kf3 55. h3 h6 56. Kg1 Ke2 57. Kg2 f3+ 58. Kg3 f2 59. Kg2
f1=Q+ 60. Kg3 Qf2# 0-1